LEADER 01041nam a22002531i 4500 001 991001962999707536 005 20040111180033.0 008 040407s1956 it a||||||||||||||||ita 035 $ab12849947-39ule_inst 035 $aARCHE-082956$9ExL 040 $aDip.to Scienze Storiche$bita$cA.t.i. Arché s.c.r.l. Pandora Sicilia s.r.l. 082 04$a751.73 100 1 $aMuraro, Michelangelo$0151747 245 10$aAffreschi di Jacopo e Francesco da Ponte a Cartigliano /$cMichelangelo Muraro 260 $aVicenza :$bEnte provinciale per il turismo,$c1956 300 $a32 p. :$bill. ;$c25 cm 600 04$aJacopo :$cda Ponte$xOpere 600 04$aFrancesco :$cda Ponte$xOpere 907 $a.b12849947$b02-04-14$c16-04-04 912 $a991001962999707536 945 $aLE009 ARTE MISC. 34/17 (Fondo Bottari)$g1$iLE009-3109/17$lle009$o-$pE0.00$q-$rn$so $t0$u0$v0$w0$x0$y.i13406954$z16-04-04 996 $aAffreschi di Jacopo e Francesco da Ponte a Cartigliano$9302451 997 $aUNISALENTO 998 $ale009$b16-04-04$cm$da $e-$fita$git $h0$i1 LEADER 01301nam a22002893i 4500 001 991001839039707536 005 20040323161200.0 008 040407s1974 it |||||||||||||||||ita 035 $ab12831128-39ule_inst 035 $aARCHE-081074$9ExL 040 $aDip.to Scienze Storiche$bita$cA.t.i. Arché s.c.r.l. Pandora Sicilia s.r.l. 082 04$a331.88 100 1 $aNeufeld, Maurice$0242527 245 10$aItalia scuola per le nazioni emergenti :$bil movimento laborista italiano nella sua sistemazione politica, sociale ed economica dal 1800 al 1960 /$cMaurice F. Neufeld ; prefazione di Umberto Marcelli 260 $aBologna :$bPàtron,$c1974 300 $a2 v. ;$c22 cm 650 4$aMovimento operaio$zItalia$xStoria 650 4$aSindacati$zItalia$xStoria 651 4$aItalia$xStoria$y1800-1960 700 1 $aMarcelli, Umberto 907 $a.b12831128$b02-04-14$c16-04-04 912 $a991001839039707536 945 $aLE009 STOR.63-178$cV. 1$g1$i2009000214347$lle009$o-$pE0.00$q-$rl$s- $t0$u0$v0$w0$x0$y.i13383206$z16-04-04 945 $aLE009 STOR.63-178 A$cV. 2$g1$i2009000214613$lle009$o-$pE0.00$q-$rl$s- $t0$u0$v0$w0$x0$y.i13383218$z16-04-04 996 $aItalia scuola per le nazioni emergenti$9297134 997 $aUNISALENTO 998 $ale009$b16-04-04$cm$da $e-$fita$git $h0$i2